[Event "10th Mumbai Mayors Cup 2017"]
[Site "Mumbai"]
[Date "2017.06.10"]
[Round "9"]
[White "Shelke Sankarsha"]
[Black "Laxman, R R"]
[Result "1/2-1/2"]
[WhiteElo "2165"]
[BlackElo "2421"]
[Annotator "TA"]
[PlyCount "194"]
[EventDate "2017.06.04"]
[EventType "swiss"]
[EventCountry "IND"]
[SourceTitle "playchess.com"]
[Source "ChessBase"]
[SourceQuality "1"]

{[%evp 32,194,20,17,30,16,28,20,18,7,6,11,26,27,47,33,43,39,27,13,45,14,46,27,27,32,33,36,23,14,30,21,50,43,40,33,47,47,47,47,49,53,60,0,0,0,24,22,57,58,58,58,75,59,102,65,91,75,152,152,157,151,147,2,138,82,81,84,296,0,0,0,0,0,0,0,0,0,9,12,33,9,44,44,47,0,0,0,0,0,0,0,0,0,0,0,0,0,0,0,0,0,0,0,0,0,0,0,0,0,0,0,0,0,0,0,0,0,0,0,0,0,0,0,0,0,0,0,0,0,0,0,0,0,0,0,0,0,0,0,0,0,0,0,0,0,0,0,0,0,0,0,0,0,0,0,0,0,0,0,0,0,0,0,0]} 1. e4 e5 2. Nf3 Nc6 3. Bb5 a6 4. Ba4 Nf6 5. O-O Be7 6. Re1 b5 7. Bb3 O-O 8. c3 d6 9. h3 Na5 10. Bc2 c5 11. d4 Qc7 12. Nbd2 cxd4 13. cxd4 Nc6 14. Nb3 a5 15. Be3 a4 16. Nbd2 Bd7 17. Rc1 Rac8 {C99: Closed Ruy Lopez: Chigorin Defence: 11 d4 Qc7 12 Nbd2 cxd4} (17... Qb7 18. Nf1 Rfc8 19. Ng3 Bd8 20. Bb1 Bb6 21. a3 Qa7 22. dxe5 Nxe5 23. Rxc8+ Rxc8 24. Nxe5 dxe5 25. Ba2 Rc6 {1-0 (50) Kokarev,D (2643)-Sjugirov,S (2670) Khanty-Mansiysk 2016}) 18. Bb1 Qb7 19. Qe2 Rfe8 20. d5 Nb4 21. Nf1 Na6 22. Ng3 Bd8 $146 ({Predecessor:} 22... Bf8 23. Rxc8 Rxc8 24. Rc1 Rxc1+ 25. Bxc1 {½-½ (54) Kiss,A (2515)-Makowski,T (2495) ICCF email 2007}) 23. Rxc8 Bxc8 24. Rc1 Bd7 25. Qd2 g6 26. Ne1 Kh8 27. b4 axb3 28. axb3 Bb6 29. Nd3 Ng8 30. Kh2 f6 31. f4 Qa7 32. Bxb6 Qxb6 33. Rf1 Nc5 34. fxe5 fxe5 35. Rf7 Nxd3 36. Bxd3 (36. Rxd7 Nc5 $15) 36... Re7 37. Rf8 (37. Qf2 $14 Qxf2 38. Rxf2) 37... Kg7 $11 38. Qf2 Qxf2 (38... Qa5 {seems wilder.} 39. h4 Be8 40. h5 Rf7 41. Rxf7+ Bxf7 42. Qe3 b4) 39. Rxf2 h5 40. Ra2 h4 41. Ne2 Nf6 42. Ra6 Ne8 43. Rb6 g5 44. Nc3 Rf7 (44... Nf6 $142) 45. Nxb5 $16 (45. Bxb5 $6 Bxb5 46. Nxb5 Rf4 $14) 45... Bxb5 46. Bxb5 {[%mdl 4096] Endgame KRB-KRN} (46. Rxb5 $6 Rf2 $14) 46... Nf6 47. Bd3 ({White must play} 47. Rxd6 $16 {aiming for Re6.} Nxe4 48. Re6) 47... Nh5 {[#]} (47... g4 $11 {keeps the balance.}) 48. Rxd6 ({White should try} 48. Kg1 $1) 48... Rf2 49. Rd7+ Kf8 $2 {[#]} (49... Kf6 $16 {might work better.}) 50. Kg1 $2 ({Only move:} 50. d6 $1 $18 Rd2 51. Bc4) 50... Rd2 $11 51. Bc4 {Threatens to win with d6.} Nf6 52. Ra7 Nxe4 {Hoping for ...Rd1+.} 53. Ra1 Ng3 54. b4 Ke7 55. Rb1 {b5 is the strong threat.} Rc2 (55... Rd4 $5 {[%cal Rd4c4]} 56. Bf1 Nxf1 57. Kxf1 Rxd5 $14) 56. Bf1 e4 {[%cal Be5e4,Be4e3,Be3e2][%mdl 32]} (56... Nxf1 57. Kxf1 Kd7 58. b5 $16) 57. b5 {Strongly threatening b6.} e3 {And now ...e2 would win.} (57... Nxf1 $2 58. b6 $18 (58. Kxf1 Kd7 $16)) 58. Bd3 Rd2 {The position is equal.} 59. b6 Rxd3 {KRN-KR} 60. b7 e2 $1 61. b8=Q $1 {[%cal Rb8e5]} ({But not} 61. d6+ $2 Kf7 $19) 61... Rd1+ 62. Kh2 Nf1+ 63. Kg1 {Qe5+ would kill now.} Nd2+ 64. Kh2 {White threatens Rb7+ and mate.} Rxb1 {KQ-KRN} 65. Qe5+ Kd7 66. Qe6+ Kd8 67. Qd6+ (67. Qxe2 Nf1+ 68. Kg1 Ng3+ 69. Qe1 Rxe1+ 70. Kf2 Re4 71. d6 Kd7 72. Kf3 Kxd6 73. Kf2 Kc5 74. Kf3 Kd4 75. Kf2 Rf4+ 76. Ke1 Kd3 77. Kd1 Rf1#) 67... Kc8 68. Qc6+ Kb8 69. Qd6+ Ka7 70. Qc7+ Ka6 71. Qc6+ Ka5 72. Qc5+ Ka4 73. Qd4+ Kb5 74. Qd3+ Kc5 75. Qe3+ Kd6 76. Qe6+ Kc7 77. Qc6+ Kb8 78. Qd6+ Kb7 79. Qc6+ Ka7 80. Qc7+ Ka6 81. Qc6+ Ka5 82. Qc5+ Ka4 83. Qd4+ Ka3 84. Qd3+ Ka4 85. Qd4+ Kb5 86. Qd3+ Kb6 87. Qe3+ Kb7 88. Qe7+ Ka8 89. Qd8+ Ka7 90. Qc7+ Ka6 91. Qc6+ Ka5 92. Qc5+ Ka4 93. Qd4+ Kb5 94. Qd3+ Kc5 95. Qe3+ Kd6 96. Qe6+ Kc7 {( -> ...Nf1+)} 97. Qc6+ Kb8 {Precision: White = 76%, Black = 57%.} 1/2-1/2

[Event "10th Mumbai Mayors Cup 2017"]
[Site "Mumbai"]
[Date "2017.06.10"]
[Round "9"]
[White "Singh, D P"]
[Black "Raghunandan, Kaumandur Srihari"]
[Result "0-1"]
[WhiteElo "2132"]
[BlackElo "2410"]
[Annotator "TA"]
[PlyCount "58"]
[EventDate "2017.06.04"]
[EventType "swiss"]
[EventCountry "IND"]
[SourceTitle "playchess.com"]
[Source "ChessBase"]
[SourceQuality "1"]

{[%evp 10,58,-10,-10,-15,-13,-17,-12,0,-28,-29,-28,-14,-40,-37,-25,-9,-30,-22,-94,-53,-133,-143,-200,-202,-198,-181,-198,-196,-277,-256,-430,-431,-433,-435,-432,-432,-432,-429,-483,-481,-512,-516,-832,-832,-826,-821,-874,-886,-1800,-879]} 1. d4 d5 2. Nf3 Nf6 3. Nbd2 Bf5 4. c4 c6 5. Qb3 Qc7 6. g3 {LiveBook: 3 Games. D11: Slav Defence: 3 Nf3 sidelines and 3...Nf6 4 e3 Bg4} h6 (6... e6 7. Bg2 Nbd7 8. Nh4 Bg6 9. Nxg6 hxg6 10. O-O Be7 11. e4 dxe4 12. Nxe4 Nxe4 13. Bxe4 {1-0 (33) Edouard,R (2636)-Naumann,A (2545) Berlin 2015}) 7. Bg2 e6 {[%cal Be7e6,Be6d5,Bd5d4][%mdl 32]} 8. O-O {The position is equal.} Nbd7 9. Re1 (9. Ne5 $5) 9... Be7 10. Qc3 a5 $146 ({Predecessor:} 10... O-O 11. b3 Rfd8 12. c5 e5 13. Nxe5 Nxe5 14. dxe5 Nd7 15. b4 a5 16. a3 Qxe5 {0-1 (59) Gonzalez,J (2530)-Guevara Castillo,F (2442) ICCF email 2005}) 11. a3 a4 12. cxd5 exd5 13. Ne5 (13. Nh4 $5 {[%cal Rh4f5]} Be6 14. e4 dxe4 15. Bxe4 $11) 13... O-O $36 {[%mdl 2048] Black has the initiative.} 14. f3 (14. e4 $11 {keeps the balance.} dxe4 15. Nxe4) 14... c5 15. Nxd7 (15. e4 $15 Nxe5 16. dxe5 (16. exf5 Nc6 $17)) 15... Qxd7 $17 ({Don't take} 15... Nxd7 16. e4 $15) 16. dxc5 {[#]} (16. Nf1 $17 {was worth a try.}) 16... d4 $1 $19 {[%cal Rd4c3]} 17. Qc4 Rfc8 18. b4 axb3 $1 19. Nxb3 (19. Qxb3 $142 Rxc5 20. f4) 19... b5 20. c6 $2 (20. Qb4 Bc2 21. e3) 20... Rxc6 {Black is clearly winning.} ({Weaker is} 20... bxc4 21. cxd7 Bxd7 22. Nxd4 $17) 21. Qxb5 {[#]} Rxc1 $1 {[%mdl 512]} 22. Qxd7 (22. Raxc1 Qxb5) 22... Rxe1+ 23. Rxe1 Bxd7 24. Nxd4 Bc5 25. Rd1 Rxa3 26. Kf1 (26. Rd2 $142) 26... Ba4 27. Rd2 Nd5 28. f4 Ne3+ 29. Kf2 Nf5 {Precision: White = 37%, Black = 81%.} (29... Ng4+ $142 30. Kg1 Ra1+ 31. Bf1 Ne3) 0-1

[Event "10th Mumbai Mayors Cup 2017"]
[Site "Mumbai"]
[Date "2017.06.10"]
[Round "9"]
[White "Tarini Goyal"]
[Black "Karthik Venkataraman"]
[Result "0-1"]
[WhiteElo "2084"]
[BlackElo "2317"]
[Annotator "NA"]
[PlyCount "136"]
[EventDate "2017.06.04"]
[EventType "swiss"]
[EventCountry "IND"]
[SourceTitle "playchess.com"]
[Source "ChessBase"]
[SourceQuality "1"]
[TimeControl "5400+30"]

1. d4 Nf6 2. c4 c5 3. d5 e6 4. Nc3 Bd6 5. g3 exd5 6. cxd5 Bc7 7. Bg2 d6 8. Nf3 O-O 9. O-O a6 10. a4 Nbd7 11. e4 Rb8 12. Qd3 Re8 13. Re1 Nf8 14. Bg5 h6 15. Bxf6 Qxf6 16. e5 dxe5 17. Ne4 Qd8 18. Nxc5 f5 19. d6 Qxd6 20. Qc4+ Kh7 21. Rad1 Qe7 22. b4 Ng6 23. h4 b5 24. axb5 axb5 25. Qc2 e4 26. h5 Ne5 27. Nxe5 Bxe5 28. Nxe4 fxe4 29. Bxe4+ Kh8 30. Bg6 Bb7 31. Bxe8 Rxe8 32. Qf5 Qc7 33. Rd7 Qc3 34. Red1 Bc8 35. Qg6 Bxd7 36. Rxd7 Qe1+ 37. Kg2 Rf8 38. Rf7 Rxf7 39. Qxf7 Qe4+ 40. f3 Qe2+ 41. Kh1 Bf6 42. f4 Qe7 43. Qg6 Kg8 44. Kh2 Kf8 45. Qf5 Qe2+ 46. Kh3 Qc4 47. Qd7 Qf1+ 48. Kh2 Qe2+ 49. Kg1 Qxh5 50. Qc8+ Qe8 51. Qc5+ Kg8 52. Qd5+ Kh8 53. Kf2 Bc3 54. Qc5 Bf6 55. Qd5 Be7 56. Qd4 Bf8 57. Qc3 Qe4 58. Qc8 Qxb4 59. Qe8 Qc5+ 60. Kf1 b4 61. Qb8 Kh7 62. Qe8 Qc4+ 63. Kg2 Bc5 64. Qe5 Bf8 65. Qe8 Kg8 66. Kh3 b3 67. Qe5 Qc8+ 68. Kh2 Qc2+ 0-1

[Event "10th Mumbai Mayors Cup 2017"]
[Site "Mumbai"]
[Date "2017.06.10"]
[Round "9"]
[White "Dahale, Atul"]
[Black "Muthaiah AL"]
[Result "1-0"]
[WhiteElo "2080"]
[BlackElo "2297"]
[Annotator "NA"]
[PlyCount "83"]
[EventDate "2017.06.04"]
[EventType "swiss"]
[EventCountry "IND"]
[SourceTitle "playchess.com"]
[Source "ChessBase"]
[SourceQuality "1"]
[TimeControl "5400+30"]

1. d4 Nf6 2. c4 e6 3. Nf3 Bb4+ 4. Nbd2 O-O 5. g3 c5 6. Bg2 cxd4 7. Nxd4 Nc6 8. Nc2 Be7 9. O-O b6 10. b3 Bb7 11. Bb2 d5 12. cxd5 Nxd5 13. e4 Ndb4 14. Nxb4 Bxb4 15. Nc4 Qxd1 16. Rfxd1 Rfd8 17. e5 Na5 18. Nxa5 Bxg2 19. Kxg2 Bxa5 20. Rac1 b5 21. Bd4 Rd5 22. Be3 Rxe5 23. Bxa7 h5 24. Rd7 Bd8 25. Rc5 Rxc5 26. Bxc5 Bf6 27. Rb7 Rxa2 28. Rxb5 Kh7 29. Rb7 Kg6 30. b4 Rd2 31. Be3 Rd5 32. b5 Bd4 33. Bxd4 Rxd4 34. Kf3 Rb4 35. h4 e5 36. Ke3 f5 37. b6 Rb3+ 38. Kd2 Rb2+ 39. Kc3 Rxf2 40. Rc7 Rf1 41. Kb2 Rf2+ 42. Rc2 1-0

[Event "10th Mumbai Mayors Cup 2017"]
[Site "Mumbai"]
[Date "2017.06.10"]
[Round "9"]
[White "Lama, Himal"]
[Black "Wagh Suyog"]
[Result "0-1"]
[WhiteElo "2073"]
[BlackElo "2215"]
[Annotator "NA"]
[PlyCount "72"]
[EventDate "2017.06.04"]
[EventType "swiss"]
[EventCountry "IND"]
[SourceTitle "playchess.com"]
[Source "ChessBase"]
[SourceQuality "1"]
[TimeControl "5400+30"]

1. e4 c5 2. d4 cxd4 3. c3 dxc3 4. Nxc3 Nc6 5. Nf3 d6 6. Bc4 a6 7. Bf4 Nf6 8. e5 dxe5 9. Qxd8+ Nxd8 10. Bxe5 Be6 11. Be2 Nc6 12. Bg3 h6 13. O-O Nh5 14. Rfd1 Nxg3 15. hxg3 g5 16. Na4 Bg7 17. Nc5 Bc8 18. Rd2 O-O 19. Rc1 Rd8 20. Bd3 g4 21. Nh4 Rd6 22. Rcd1 Nd4 23. Be4 Rb8 24. Nb3 Nxb3 25. Rxd6 exd6 26. axb3 Be6 27. Rxd6 Bxb2 28. Rb6 Bd4 29. Rb4 Bc5 30. Rxb7 Rd8 31. Nf5 Rd1+ 32. Kh2 Bxf5 33. Bxf5 h5 34. f3 Bg1+ 35. Kh1 h4 36. Rd7 Re1 0-1

[Event "10th Mumbai Mayors Cup 2017"]
[Site "Mumbai"]
[Date "2017.06.10"]
[Round "9"]
[White "Meruga, Shanmukha"]
[Black "Moksh Amit Doshi"]
[Result "0-1"]
[WhiteElo "2016"]
[BlackElo "2188"]
[Annotator "NA"]
[PlyCount "108"]
[EventDate "2017.06.04"]
[EventType "swiss"]
[EventCountry "IND"]
[SourceTitle "playchess.com"]
[Source "ChessBase"]
[SourceQuality "1"]
[TimeControl "5400+30"]

1. d4 Nf6 2. c4 e6 3. Nc3 Bb4 4. Qc2 c5 5. dxc5 O-O 6. g3 Na6 7. a3 Bxc3+ 8. Qxc3 Nxc5 9. Bg2 d5 10. cxd5 Nce4 11. Qd4 exd5 12. Nf3 Bf5 13. O-O Qe7 14. Bf4 b6 15. Rac1 Rac8 16. b4 h6 17. Qb2 Nd6 18. Nd4 Bd7 19. Bxd6 Qxd6 20. Rxc8 Rxc8 21. Rc1 Rc4 22. e3 Qc7 23. Ne2 b5 24. Nc3 a6 25. Bf1 Rc6 26. Ne2 Rxc1 27. Qxc1 Qc4 28. Qb2 Bf5 29. Nf4 Qc7 30. Nd3 Bxd3 31. Bxd3 Nd7 32. Kg2 Ne5 33. Qd4 Nxd3 34. Qxd3 Qc4 35. Qf5 g6 36. Qe5 h5 37. h4 Qe4+ 38. Qxe4 dxe4 39. g4 hxg4 40. Kg3 f5 41. Kf4 Kf7 42. Kg5 Kg7 43. h5 gxh5 44. Kxf5 Kh6 45. Kf4 Kg6 46. Kxe4 Kg5 47. Kd3 h4 48. Ke2 h3 49. Kf1 Kf5 50. Kg1 Ke4 51. Kh1 Kf3 52. Kh2 Kxf2 53. e4 g3+ 54. Kxh3 g2 0-1

[Event "10th Mumbai Mayors Cup 2017"]
[Site "Mumbai"]
[Date "2017.06.10"]
[Round "9"]
[White "Chittal, Sairaj"]
[Black "Pradeep Kumar R A"]
[Result "0-1"]
[WhiteElo "2000"]
[BlackElo "2302"]
[Annotator "NA"]
[PlyCount "120"]
[EventDate "2017.06.04"]
[EventType "swiss"]
[EventCountry "IND"]
[SourceTitle "playchess.com"]
[Source "ChessBase"]
[SourceQuality "1"]
[TimeControl "5400+30"]

1. d4 Nf6 2. Nf3 g6 3. Bg5 Bg7 4. Nbd2 d6 5. c3 O-O 6. e4 c5 7. dxc5 dxc5 8. Bc4 Nc6 9. O-O Qc7 10. Qe2 Nd7 11. Qe3 a6 12. Rad1 b5 13. Bd5 e6 14. Bxc6 Qxc6 15. Bh6 e5 16. c4 Re8 17. Bxg7 Kxg7 18. Rfe1 f6 19. Rc1 b4 20. Nb3 a5 21. Rcd1 a4 22. Nc1 Bb7 23. h4 Nf8 24. Rd5 Ne6 25. Red1 Rad8 26. Rxd8 Rxd8 27. Rxd8 Nxd8 28. Qd3 Qc7 29. Ne2 Ne6 30. Nd2 Nd4 31. Nxd4 exd4 32. g3 Qe5 33. Kf1 Qe6 34. Kg1 Qg4 35. Qf1 Qe6 36. f3 f5 37. Qe1 fxe4 38. fxe4 Qe5 39. b3 a3 40. Qf2 Bc8 41. Qf4 Qe7 42. Kf2 Bb7 43. Ke2 Bc8 44. Nf3 Bh3 45. Qe5+ Qf6 46. Qxc5 d3+ 47. Ke3 d2 48. Nxd2 Qc3+ 49. Ke2 Bg4+ 50. Kf1 Qc1+ 51. Kf2 Qxd2+ 52. Kg1 Qc1+ 53. Kh2 Qb2+ 54. Kg1 Qb1+ 55. Kh2 Qxa2+ 56. Kg1 Qb1+ 57. Kh2 Qc2+ 58. Kg1 Qd1+ 59. Kh2 Qd2+ 60. Kg1 a2 0-1

[Event "10th Mumbai Mayors Cup 2017"]
[Site "Mumbai"]
[Date "2017.06.10"]
[Round "9"]
[White "Badrinath, S."]
[Black "Akash Pc, Iyer"]
[Result "0-1"]
[WhiteElo "1977"]
[BlackElo "2282"]
[Annotator "NA"]
[PlyCount "72"]
[EventDate "2017.06.04"]
[EventType "swiss"]
[EventCountry "IND"]
[SourceTitle "playchess.com"]
[Source "ChessBase"]
[SourceQuality "1"]
[TimeControl "5400+30"]

1. e4 c5 2. Nf3 Nc6 3. Nc3 d6 4. d4 cxd4 5. Nxd4 e5 6. Nb3 Nf6 7. Be2 Be7 8. O-O O-O 9. f4 a6 10. Be3 exf4 11. Bxf4 Be6 12. Qe1 Ne5 13. Qg3 Ng6 14. Be3 d5 15. exd5 Bd6 16. Qf2 Nxd5 17. Nxd5 Bxd5 18. Rad1 Bxb3 19. axb3 Qc7 20. Rxd6 Qxd6 21. Bc5 Qc7 22. Bxf8 Rxf8 23. c3 Ne5 24. Qd4 Rd8 25. Qe3 Qd6 26. h3 Qc7 27. Rf5 f6 28. Rf4 Re8 29. Bc4+ Kh8 30. Bd5 Re7 31. Qd2 Re8 32. Rh4 Rd8 33. Qc2 Qc5+ 34. Kh2 g6 35. c4 Rxd5 36. b4 Qd6 0-1

[Event "10th Mumbai Mayors Cup 2017"]
[Site "Mumbai"]
[Date "2017.06.10"]
[Round "9"]
[White "Mahindrakar Indrajeet"]
[Black "Nandhidhaa, PV."]
[Result "1/2-1/2"]
[WhiteElo "1977"]
[BlackElo "2249"]
[Annotator "NA"]
[PlyCount "60"]
[EventDate "2017.06.04"]
[EventType "swiss"]
[EventCountry "IND"]
[SourceTitle "playchess.com"]
[Source "ChessBase"]
[SourceQuality "1"]
[TimeControl "5400+30"]

1. e4 c5 2. c3 Nf6 3. e5 Nd5 4. g3 d6 5. exd6 Qxd6 6. Bg2 Nc6 7. Ne2 g6 8. O-O Bg7 9. Na3 O-O 10. Nb5 Qd8 11. d4 cxd4 12. Nexd4 Nxd4 13. Nxd4 e5 14. Nb3 Nb6 15. Be3 Qc7 16. Qe2 Be6 17. Rfd1 Rfd8 18. Qb5 Bf8 19. Na5 Rxd1+ 20. Rxd1 Bxa2 21. Nxb7 Be6 22. Nc5 Rd8 23. Ra1 Bc4 24. Qa5 Qb8 25. Na6 Qd6 26. h3 Qf6 27. Re1 Rd7 28. Nb4 Bb3 29. Qb5 Bc4 30. Qa5 Bb3 1/2-1/2

[Event "10th Mumbai Mayors Cup 2017"]
[Site "Mumbai"]
[Date "2017.06.10"]
[Round "9"]
[White "Shrutarshi Ray"]
[Black "Pranavananda V"]
[Result "1/2-1/2"]
[WhiteElo "1852"]
[BlackElo "2166"]
[Annotator "NA"]
[PlyCount "137"]
[EventDate "2017.06.04"]
[EventType "swiss"]
[EventCountry "IND"]
[SourceTitle "playchess.com"]
[Source "ChessBase"]
[SourceQuality "1"]
[TimeControl "5400+30"]

1. e4 c5 2. Nf3 d6 3. d4 cxd4 4. Nxd4 Nf6 5. Nc3 a6 6. h4 e5 7. Nb3 Be7 8. Bg5 Nbd7 9. g4 h6 10. Be3 b5 11. Bg2 Nb6 12. Bxb6 Qxb6 13. Bf3 Be6 14. Nd5 Nxd5 15. exd5 Bd7 16. Be4 Qd8 17. h5 Bg5 18. Qf3 a5 19. Bf5 Bxf5 20. Qxf5 O-O 21. Nd2 Bxd2+ 22. Kxd2 Rc8 23. Rag1 Rc4 24. Ke2 Rf4 25. Qd3 Qf6 26. Rg2 Rd4 27. Qe3 Rxd5 28. g5 Qf5 29. Rc1 Rd4 30. f3 e4 31. f4 Rc4 32. b3 Rc5 33. Ke1 Qe6 34. Rd1 Rfc8 35. Rdd2 hxg5 36. Rxg5 Rxc2 37. Rxc2 Rxc2 38. Qd4 f6 39. Rxb5 Rxa2 40. h6 Qh3 41. Rb8+ Kh7 42. Qxe4+ f5 43. Rh8+ Kxh8 44. hxg7+ Kh7 45. g8=Q+ Kxg8 46. Qe8+ Kg7 47. Qe7+ Kg6 48. Qe8+ Kf6 49. Qf8+ Ke6 50. Qc8+ Kf7 51. Qd7+ Kf6 52. Qd8+ Kg6 53. Qe8+ Kg7 54. Qe7+ Kh8 55. Qf8+ Kh7 56. Qe7+ Kg8 57. Qe8+ Kg7 58. Qe7+ Kg6 59. Qe8+ Kf6 60. Qf8+ Ke6 61. Qc8+ Ke7 62. Qc7+ Kf8 63. Qd8+ Kf7 64. Qd7+ Kf6 65. Qd8+ Kg7 66. Qe7+ Kh6 67. Qg5+ Kh7 68. Qe7+ Kg6 69. Qe8+ 1/2-1/2

[Event "10th Mumbai Mayors Cup 2017"]
[Site "Mumbai"]
[Date "2017.06.10"]
[Round "9"]
[White "Karthikeyan Pandiyan"]
[Black "Pranav, Shetty"]
[Result "1-0"]
[WhiteElo "1422"]
[BlackElo "2200"]
[Annotator "TA"]
[PlyCount "31"]
[EventDate "2017.06.04"]
[EventType "swiss"]
[EventCountry "IND"]
[SourceTitle "playchess.com"]
[Source "ChessBase"]
[SourceQuality "1"]

{[%evp 25,31,13,53,63,85,106,875,865]} 1. d4 Nf6 2. c4 g6 3. Nc3 Bg7 4. e4 d6 5. Be2 O-O 6. Bg5 c5 7. d5 e6 8. Qd2 exd5 9. exd5 Qb6 10. Nf3 Bf5 11. Nh4 Ne4 12. Nxe4 Bxe4 13. f3 Qxb2 ({Don't play} 13... Bxb2 $6 14. Rd1 $16) (13... h6 $5 14. Bxh6 Bxh6 15. Qxh6 Qxb2 $11) 14. Rc1 {E75: King's Indian: Averbakh Variation: 6...c5 7 d5 e6} h6 (14... Bf5 15. Nxf5 gxf5 16. Qxb2 Bxb2 17. Rb1 Bc3+ 18. Kd1 Re8 19. Rxb7 Na6 20. a3 Rab8 21. Rxb8 Nxb8 {1-0 (33) Carlsen,M (2861)-Van Wely,L (2679) Wijk aan Zee 2013}) 15. Bxh6 Bxh6 $146 {[%mdl 8192] [#]} (15... Qxd2+ $16 16. Bxd2 Bf6) ({Predecessor:} 15... Qxd2+ 16. Bxd2 Bf6 17. g3 Bxh4 18. gxh4 Bf5 19. Bf4 Rd8 20. Kd2 f6 21. Rce1 Na6 {1-0 (105) Zakharevich,I (2486)-Lukinov,P (2327) Gatchina 2000}) 16. Qxb2 1-0

[Event "10th Mumbai Mayors Cup 2017"]
[Site "Mumbai"]
[Date "2017.06.11"]
[Round "10"]
[White "Ghosh, Diptayan"]
[Black "Rahman, Ziaur"]
[Result "1/2-1/2"]
[WhiteElo "2569"]
[BlackElo "2526"]
[Annotator "TA"]
[PlyCount "36"]
[EventDate "2017.06.04"]
[EventType "swiss"]
[EventCountry "IND"]
[SourceTitle "playchess.com"]
[Source "ChessBase"]
[SourceQuality "1"]

{[%evp 14,15,48,17]} 1. d4 g6 2. Nf3 Bg7 3. g3 Nf6 4. c4 O-O 5. Bg2 d6 6. O-O Nc6 7. Nc3 e5 8. dxe5 {LiveBook: 235 Games. E62: King's Indian: Fianchetto: 6...c6 and Panno Variation (6...Nc6) without ...a6} {Predecessor:} dxe5 $146 9. Bg5 Be6 10. Qa4 Qb8 11. Rfd1 Nd7 12. Be3 Nb6 13. Bxb6 axb6 14. Qb5 h6 15. e3 Ra5 16. Qb3 Rc5 17. Nd2 Na5 18. Qc2 Nxc4 {1-0 (36) Bu,X (2705)-Onischuk,V (2601) Doha 2016} 1/2-1/2

[Event "10th Mumbai Mayors Cup 2017"]
[Site "Mumbai"]
[Date "2017.06.11"]
[Round "10"]
[White "Grover, Sahaj"]
[Black "Mithil, Ajgaonkar"]
[Result "1-0"]
[WhiteElo "2485"]
[BlackElo "2203"]
[Annotator "TA"]
[PlyCount "97"]
[EventDate "2017.06.04"]
[EventType "swiss"]
[EventCountry "IND"]
[SourceTitle "playchess.com"]
[Source "ChessBase"]
[SourceQuality "1"]

{[%evp 12,97,46,35,47,56,67,36,38,31,124,113,116,122,116,121,181,170,205,188,260,262,247,262,202,154,133,105,124,99,72,27,58,28,59,19,101,111,120,120,113,113,116,112,115,115,126,119,122,85,85,64,76,56,221,228,279,252,635,634,625,595,693,695,668,642,791,765,5528,5501,5097,4816,2560,2187,2977,2311,1121,833,29973,29972,29981,29981,29986,29987,29987,29988,29987,29977]} 1. e4 c6 2. d4 d5 3. e5 c5 4. dxc5 Nc6 5. a3 (5. Nf3 Bg4 6. c3 e6 7. b4 a6 8. Nbd2 Nxe5 9. Qa4+ Nd7 10. Ne5 Ngf6 11. c4 a5 12. Nb3 axb4 13. Qb5 Be7 {0-1 (53) Topalov,V (2760)-Nakamura,H (2779) London 2016}) 5... Nxe5 6. b4 {B12: Caro-Kann: Advance Variation} Nf6 7. Bb2 {LiveBook: 10 Games} Qc7 8. Nc3 {White is slightly better.} e6 9. Nb5 $146 ({Predecessor:} 9. Nf3 Nxf3+ 10. Qxf3 Be7 11. Nb5 Qd8 12. Bd3 O-O {½-½ (68) Sedlak,N (2568)-Bodiroga,P (2392) Zupanja 2008}) 9... Qb8 10. Nf3 Nc6 ({Black should try} 10... Nxf3+ $1 $14 11. Qxf3 a6) 11. c4 $1 $16 a6 12. Nc3 $36 {[%mdl 2048] White is in control.} dxc4 13. Bxc4 a5 (13... Be7 $16 {is a better defense.}) 14. O-O $1 $18 {And now b5 would win.} axb4 15. axb4 {[%cal Ba3b4,Bb4b5][%mdl 32]} Rxa1 (15... Be7 $142 16. Rxa8 Qxa8) 16. Qxa1 Be7 17. b5 $1 Nb4 18. Ne4 Qf4 19. Bxf6 gxf6 20. Nfd2 O-O 21. Qb2 Nd5 22. Re1 (22. g3 $5 {[%cal Rg3f4]} Qe5 23. Qxe5 fxe5 24. Nf3 $14) 22... Rd8 23. Nf3 f5 (23... Qh6 $11) 24. Bxd5 $1 $16 fxe4 25. Bxe4 Bxc5 26. Qc2 b6 27. Bxh7+ Kf8 {[#]} 28. Be4 $1 e5 29. g3 Qh6 30. Rd1 Rxd1+ 31. Qxd1 {Qd8+ is the strong threat.} Qd6 32. Qa1 {Threatens to win with Qa8.} f5 $2 {[#]} (32... Bh3 $14) 33. Qa8 $1 $18 {[%cal Ra8c8]} Qd1+ 34. Kg2 fxe4 $2 (34... Qd7) 35. Qxc8+ Ke7 36. Qb7+ Qd7 37. Qxd7+ Kxd7 {[%mdl 4096] Endgame KB-KN} 38. Ng5 e3 39. fxe3 Bxe3 40. Ne4 Ke6 41. Kf3 Bh6 42. g4 {[%cal Bg3g4,Bg4g5][%mdl 32]} Bc1 43. h4 {[%cal Bh2h4,Bh4h5,Bh5h6][%mdl 32]} Bf4 44. g5 Bc1 45. Kg4 {White mates.} Kd5 46. Kf5 Kc4 47. h5 Ba3 48. h6 Bf8 49. Kg6 {Precision: White = 67%, Black = 37%.} 1-0

[Event "10th Mumbai Mayors Cup 2017"]
[Site "Mumbai"]
[Date "2017.06.11"]
[Round "10"]
[White "Deviatkin, Andrei"]
[Black "Amonatov, Farrukh"]
[Result "0-1"]
[WhiteElo "2481"]
[BlackElo "2635"]
[Annotator "TA"]
[PlyCount "70"]
[EventDate "2017.06.04"]
[EventType "swiss"]
[EventCountry "IND"]
[SourceTitle "playchess.com"]
[Source "ChessBase"]
[SourceQuality "1"]

{[%evp 13,70,0,0,2,16,0,4,8,22,-1,0,-13,0,-9,-23,0,5,0,3,2,12,-15,0,0,0,0,0,0,0,0,0,0,6,-36,-37,-36,-43,-104,0,-270,-262,-431,-439,-446,-447,-438,-432,-534,-483,-853,-839,-1480,-1274,-2243,-1852,-29979,-29980,-29980,-29981]} 1. d4 Nf6 2. Nf3 g6 3. Bg5 Bg7 4. Nbd2 O-O 5. c3 d5 6. e3 Nbd7 7. Be2 Re8 8. O-O {D03: 1 d4 d5 2 Nf3 Nf6 3 Bg5, including Torre Attack with early ...d5} h6 9. Bh4 {[%cal Bg5h4,Bh4g3,Bg3f4][%mdl 32]} e5 10. h3 {The position is equal.} c5 (10... e4 $5 {[%cal Re4f3]} 11. Nh2 c6 $11) 11. Bg3 $146 {[%cal Rf3e5]} ({Predecessor:} 11. Qc2 Qb6 12. Rac1 Ne4 13. Nxe4 dxe4 14. Qxe4 Qxb2 15. Qc2 Qxc2 16. Rxc2 {1-0 (70) Eljanov,P (2719)-Salgado Lopez,I (2622) Doha 2014}) 11... exd4 12. exd4 Ne4 13. Bf4 Qb6 14. Rb1 Ndf6 {[%cal Bd7f6,Bf6e4,Be4g3][%mdl 32]} 15. dxc5 Nxc5 16. Nd4 Bd7 17. N2f3 Nfe4 18. Be3 Ng3 19. Re1 Rxe3 20. fxe3 Re8 21. Bd3 h5 22. b4 Nce4 23. Qc2 g5 24. Bxe4 Nxe4 25. Nd2 {[#]} (25. h4 $1 $15) 25... g4 (25... Nxc3 $1 $17 {[%mdl 512]} 26. Qxc3 Rxe3 27. Rxe3 Bxd4) 26. hxg4 $2 {[%mdl 8192] [#]} (26. Nxe4 $11 {and White has nothing to worry.} Rxe4 27. hxg4) 26... Nxc3 $1 $19 {[%mdl 512]} 27. Qxc3 $2 {[#]} (27. Nf1 Nxb1 28. Qxb1) 27... Rxe3 $1 28. Qxe3 Bxd4 29. Nf1 hxg4 {[%cal Bh5g4,Bg4g3][%mdl 32]} ({Not} 29... Bxe3+ 30. Nxe3 hxg4 31. Rbd1 $19) 30. a3 Bxe3+ 31. Nxe3 (31. Rxe3 $142 f5 32. g3) 31... d4 {[%cal Bd5d4,Bd4d3][%mdl 32]} 32. Nc4 Qh6 33. Ne5 g3 {( -> ...Qh2+)} 34. Nf3 Bc6 35. Rb2 d3 {Precision: White = 30%, Black = 75%.} 0-1